Milk for babes, and meat for men, or, Principles necessary, to bee known and learned, of such as would know Christ here, or be known of him hereafter.

Bibliographic Details
Main Author: Peters, Hugh, 1598-1660
Format: Microform Book
Language:English
Published: [Amsterdam] : [Successor of G. Thorp], 1630.
Series:Early English books, 1475-1640 ; 1823:10.
Subjects:

MARC

Tag First Indicator Second Indicator Subfields
LEADER 00000cam a2200000 a 4500
001 in00001279080
005 20151004063303.0
007 hd afv---baca
007 hd bfv---baaa
008 910913s1630 ne a 000 0 eng d
035 |a (OCoLC)24367114 
035 |9 AGX8677AM 
037 |a CL0036000054  |b University Microfilms International 
037 |b University Microfilms International, 300 N. Zeeb Rd., Ann Arbor, MI 48106 
040 |a EBL  |c EBL  |d UtOrBLW 
049 |a TXAI 
090 |a BT1030  |b .P47 1630 
099 |a Film   |a  B   |a  3608  |a 1823:10. 
100 1 |a Peters, Hugh,  |d 1598-1660. 
245 1 0 |a Milk for babes, and meat for men, or, Principles necessary, to bee known and learned, of such as would know Christ here, or be known of him hereafter. 
264 1 |a [Amsterdam] :  |b [Successor of G. Thorp],  |c 1630. 
300 |a 6 unnumbered pages, 39 pages 
336 |a text  |b txt  |2 rdacontent 
337 |a microform  |b h  |2 rdamedia 
338 |a microfilm reel  |b hd  |2 rdacarrier 
500 |a Epistles signed: H.P. 
500 |a Place of publication and name of publisher suggested by STC (2nd edition). 
500 |a Signatures: A-C⁸ (last leaf blank). 
500 |a Page 27 misnumbered as 26. 
500 |a Marginal notes. 
500 |a Imperfect: tightly bound with slight loss of print. 
500 |a Reproduction of original in the Harvard University Library. 
510 4 |a STC (2nd ed.)  |c 19798.5 
533 |a Microfilm.  |b Ann Arbor, Mich. :  |c University Microfilms International,  |d 1984.  |e 1 microfilm reel ; 35 mm.  |f (Early English books, 1475-1640 ; 1823:10) 
539 |a s  |b 1984  |d miu  |e n 
500 |a Microform. 
650 0 |a Catechisms. 
740 0 |a Principles necessary to bee known and learned, of such as would know Christ here, or be known of him hereafter. 
830 0 |a Early English books, 1475-1640 ;  |v 1823:10. 
999 |a MARS 
999 f f |s aa7590c2-5f8f-3d20-8799-1fe512d247de  |i 1f2e3259-4552-330a-974d-d85e0b8b2d73  |t 0 
952 f f |p default  |a Texas A&M University  |b College Station  |c Sterling C. Evans Library  |d Evans: Microforms (3rd floor)  |t 0  |e Film B 3608 1823:10.  |h Other scheme  |i microform -- microfilm reel 
998 f f |a Film B 3608 1823:10.  |t 0  |l Evans: Microforms (3rd floor)